000 00410nam a2200169Ia 4500
008 230524s9999 xx 000 0 und d
020 _a8174967672
082 _a658.43
_bKIS
100 _aRavi M.Kishore
245 0 _a"Cost & Management Accounting,"
250 _a9TH
260 _aNEW DELHI
_bTaxmann
_c2008
300 _aXXV;833
500 _aQuantity Number: 20
650 _aManagement
942 _cBK
999 _c44050
_d44050